C programming : a modern approach (Record no. 11604)
[ view plain ]
| 000 -LEADER | |
|---|---|
| fixed length control field | 01156cam a2200301 a 4500 |
| 001 - CONTROL NUMBER | |
| control field | 15100517 |
| 005 - DATE AND TIME OF LATEST TRANSACTION | |
| control field | 20170105102344.0 |
| 008 - FIXED-LENGTH DATA ELEMENTS--GENERAL INFORMATION | |
| fixed length control field | 071203s2008 nyua b 001 0 eng |
| 010 ## - LIBRARY OF CONGRESS CONTROL NUMBER | |
| LC control number | 2007049425 |
| 020 ## - INTERNATIONAL STANDARD BOOK NUMBER | |
| International Standard Book Number | 9780393979503 (pbk.) |
| 020 ## - INTERNATIONAL STANDARD BOOK NUMBER | |
| International Standard Book Number | 0393979504 (pbk.) |
| 035 ## - SYSTEM CONTROL NUMBER | |
| System control number | (OCoLC)ocn182779824 |
| 035 ## - SYSTEM CONTROL NUMBER | |
| System control number | (OCoLC)182779824 |
| Canceled/invalid control number | (OCoLC)149117289 |
| 040 ## - CATALOGING SOURCE | |
| Original cataloging agency | DLC |
| Transcribing agency | DLC |
| Modifying agency | BAKER |
| -- | BTCTA |
| -- | C#P |
| -- | YDXCP |
| -- | DLC |
| 050 00 - LIBRARY OF CONGRESS CALL NUMBER | |
| Classification number | QA76.73.C15 |
| Item number | K49 2008 |
| 082 00 - DEWEY DECIMAL CLASSIFICATION NUMBER | |
| Classification number | 005.133 |
| Edition number | 22 |
| 100 1# - MAIN ENTRY--PERSONAL NAME | |
| Personal name | King, K. N. |
| Fuller form of name | (Kim N.) |
| 245 10 - TITLE STATEMENT | |
| Title | C programming : a modern approach |
| Remainder of title | a modern approach |
| Statement of responsibility, etc. | K.N. King. |
| 250 ## - EDITION STATEMENT | |
| Edition statement | 2nd ed. |
| 260 ## - PUBLICATION, DISTRIBUTION, ETC. | |
| Place of publication, distribution, etc. | New York : |
| Name of publisher, distributor, etc. | W.W. Norton & Company, |
| Date of publication, distribution, etc. | c2008. |
| 300 ## - PHYSICAL DESCRIPTION | |
| Extent | xxviii, 832 p. ; |
| Other physical details | ill. ; |
| Dimensions | 24 cm. |
| 504 ## - BIBLIOGRAPHY, ETC. NOTE | |
| Bibliography, etc. note | Includes bibliographical references (p. 803-805) and index. |
| 650 #0 - SUBJECT ADDED ENTRY--TOPICAL TERM | |
| Topical term or geographic name entry element | C (Computer program language) |
| 856 41 - ELECTRONIC LOCATION AND ACCESS | |
| Materials specified | Table of contents only |
| Uniform Resource Identifier | <a href="http://www.loc.gov/catdir/toc/ecip086/2007049425.html">http://www.loc.gov/catdir/toc/ecip086/2007049425.html</a> |
| 906 ## - LOCAL DATA ELEMENT F, LDF (RLIN) | |
| a | 7 |
| b | cbc |
| c | orignew |
| d | 1 |
| e | ecip |
| f | 20 |
| g | y-gencatlg |
| 942 ## - ADDED ENTRY ELEMENTS (KOHA) | |
| Source of classification or shelving scheme | |
| Koha item type | Book |
| Withdrawn status | Lost status | Damaged status | Not for loan | Collection code | Permanent Location | Current Location | Shelving location | Date acquired | Source of acquisition | Total Checkouts | Total Renewals | Full call number | Barcode | Checked out | Date last seen | Date last checked out | Price effective from | Koha item type |
|---|---|---|---|---|---|---|---|---|---|---|---|---|---|---|---|---|---|---|
| Central Library (CL) | Central Library (CL) | First Floor - Software Engineering/ Programming Language | 02/27/2013 | Eagle Information Marketing | 14 | 12 | 005.133 KIN | SEECS012067 | 06/04/2026 | 05/05/2026 | 05/05/2026 | 01/05/2017 | Book | |||||
| Central Library (CL) | Central Library (CL) | First Floor - Software Engineering/ Programming Language | 02/27/2013 | Eagle Information Marketing | 16 | 11 | 005.133 KIN | SEECS012068 | 01/12/2025 | 09/13/2023 | 01/05/2017 | Book |
